Auditora̕ de las r̀eas de la empresa

Detalles Bibliográficos
Autor principal: Montaǫ Hormigo, Francisco Javier
Formato: eBook
Lenguaje:español
Publicado: Bogot:̀ Ediciones de la U, 2014
Materias:
Acceso en línea:Acceso restringido

MARC

LEADER 00000nam a22000007a 4500
005 2021070207217.0
007 cr|||| ||||
008 210702s2014 co |||||s|||| 00||0 spa d
020 |a 978-958-762-196-9 
035 |a 33329 
040 |a vLex 
090 |c 11844  |d 11844 
100 1 |a Montaǫ Hormigo, Francisco Javier 
245 1 0 |a Auditora̕ de las r̀eas de la empresa  |h [Recurso electrn̤ico] /  |c Francisco Javier Montaǫ Hormigo 
256 |a Servicio en ln̕ea 
260 |a Bogot:̀  |b Ediciones de la U,  |c 2014 
300 |a 1 recurso electrn̤ico 
500 |a Una primera definicin̤ del třmino auditora̕, de una forma amplia y general, podra̕ ser la del proceso sistemt̀ico encargado de controlar, verificar e inspeccionar una actividad concreta, con el fin de estimar, mediante el contraste de determinada informacin̤ y documentos, el nivel con que los resultados de tal actividad se adecuan a criterios o normas preestablecidas. Al abarcar la expresin̤ auditora̕ un abanico tan amplio y ser utilizada en tan diferentes m̀bitos, es necesario delimitar con determinado nivel de exactitud los posibles campos de actuacin̤. 
506 1 |a Disponible solo en los productos indicados  |d vLex Global  |d vLex Global (Academic Edition, excluding Law Schools)  |d vLex Global (U.S. Academic Edition, Law Schools)  |d vLex Global (U.S. Academic Edition, excluding Law Schools)  |d vLex Global (Academic Edition, Law Schools) 
650 0 4 |a Inspeccin̤ tributaria  |z Colombia 
740 0 |a vLex Libros (Servicio en ln̕ea) 
856 4 0 |u https://vlex.com/source/auditoria-de-las-areas-de-la-empresa-33329  |z Acceso restringido 
942 |c BOOK 
999 0 |a Tax inspection